000 00558nam a2200193Ia 4500
008 220531s9999 xx 000 0 und d
041 _amar
082 _a-
100 _aसोनावण कैलास आणि इतर संपा.
_963790
245 _aराजकीय समाजशास्‍त्र
250 _a1ST
260 _aPune
_bIDOL Publications
_c2014
300 _a8.18
542 _d03-07-2015
551 _aSociology
_bGrantable-SCO
650 _aPolitical
_963791
906 _d2015-2016
999 _c36209
_d36209